Szczegóły MARC21

Transnarodowe życie rodzin : na przykładzie polskich migrantów w Norwegii /

003 -Nazwa inst., której nr kontr. jest w polu 001 [,]
    • @
    • Nazwa instytucji, której n kontrolny jest w polu 001
    • NUKAT
005 -DATA I CZAS OSTATNIEJ MODYFIKACJI [,]
    • @
    • pole kontrolne
    • 20241231102152.0
020 -Międzynarod. znormalizowany nr książki - ISBN [ , ]
    • a
    • Numer ISBN
    • 9788323345671 Find
020 -Międzynarod. znormalizowany nr książki - ISBN [ , ]
    • a
    • Numer ISBN
    • 9788323399254 Find
    • q
    • Dopowiedzenie
    • e-book
040 -Instytucja sporządzająca opis [ , ]
    • a
    • Instytucja, która sporządziła opis (NP)
    • WR U/bj
    • b
    • Język katalogowania
    • pol
    • e
    • Zasady katalogowania
    • rda
    • c
    • Instytucja, która sporządziła rekord (NP)
    • WR U/bj
    • d
    • Instytucja, która zmodyfikowała rekord (P)
    • WR U/bk
    • d
    • Instytucja, która zmodyfikowała rekord (P)
    • WR U/bjs
942 -Rodzaj dokumentu [ , ]
    • c
    • Rodzaj dokumentu
    • Książka
100 -Hasło główne - nazwa osobowa [1, ]
    • a
    • Nazwa osobowa (NP)
    • Ślusarczyk, Magdalena
    • d
    • Daty biograficzne (NP)
    • (1977- ).
    • e
    • Rodzaj współpracy
    • Autor
    • 9
    • KHW
    • 488645
245 -Strefa tytułu i oznaczenia odpowiedzialności [1,0]
    • a
    • Tytuł
    • Transnarodowe życie rodzin : Find
    • b
    • Ciąg dalszy tytułu (NP)
    • na przykładzie polskich migrantów w Norwegii / Find
    • c
    • Pozostałe elementy strefy tytułu i oznaczenia odpowiedzialności (NP)
    • Magdalena Ślusarczyk.
250 -Strefa wydania [ , ]
    • a
    • Oznaczenie wydania (NP)
    • Wydanie I.
260 -Strefa adresu wydawniczego [ , ]
    • a
    • Miejsce wydania (P)
    • Kraków :
    • b
    • Nazwa wydawcy (P)
    • Wydawnictwo Uniwersytetu Jagiellońskiego,
    • c
    • Data wydania (P)
    • © copyright 2019.
300 -Strefa opisu fizycznego [ , ]
    • a
    • Określenie formy książki i/lub objętość (NP)
    • 314, [2] strony :
    • b
    • Oznaczenie ilustracji (NP)
    • ilustracje kolorowe ;
    • c
    • Format (NP)
    • 24 cm.
336 -Typ zawartości [ , ]
    • a
    • Termin opisujący typ zawartości
    • Tekst
    • b
    • Kod określający zawartość
    • txt
    • 2
    • Źródło (terminu i kodu)
    • rdacontent
337 -Typ mediów [ , ]
    • a
    • Tryb odtwarzania
    • Bez urządzenia pośredniczącego
    • b
    • Kod typu mediów
    • n
    • 2
    • Źródło (terminu i kodu)
    • rdamedia
338 -Typ/rodzaj nośnika [ , ]
    • a
    • Hasło opisujące typ nośnika
    • Wolumin
    • b
    • Kod typu nośnika
    • nc
    • 2
    • Źródło (terminu i kodu)
    • rdacarrier
504 -Uwaga dot. bibliogr. załącznikowej [ , ]
    • a
    • Uwaga dot. bibliografii załącznikowej
    • Bibliografia na stronach 251-306. Indeks.
536 -Uwaga dot. finansowania książki [ , ]
    • a
    • Tekst uwagi
    • Książka dofinansowana przez Uniwersytet Jagielloński ze środków Wydziału Filozoficznego
650 -Hasło przedmiotowe [ ,7]
    • a
    • Hasło przedmiotowe
    • Polacy
    • z
    • Określnik geograficzny
    • Norwegia
    • y
    • Określnik chronologiczny
    • 1990-.
    • 2
    • Źródło terminu
    • kaba
    • 9
    • KHW
    • 396908
650 -Hasło przedmiotowe [ ,7]
    • a
    • Hasło przedmiotowe
    • Migranci zarobkowi
    • z
    • Określnik geograficzny
    • Norwegia
    • y
    • Określnik chronologiczny
    • 1990-.
    • 2
    • Źródło terminu
    • kaba
    • 9
    • KHW
    • 488594
650 -Hasło przedmiotowe [ ,7]
    • a
    • Hasło przedmiotowe
    • Polacy
    • z
    • Określnik geograficzny
    • za granicą
    • x
    • Określnik rzeczowy
    • postawy
    • y
    • Określnik chronologiczny
    • 1990-.
    • 2
    • Źródło terminu
    • kaba
    • 9
    • KHW
    • 488592
651 -Hasło przedmiotowe w formie nazwy geograficznej [ ,7]
    • a
    • Nazwa geograficzna
    • Norwegia
    • x
    • Określnik rzeczowy
    • emigracja i imigracja
    • y
    • Określnik chronologiczny
    • 1990-.
    • 2
    • Źródło terminu
    • kaba
    • 9
    • KHW
    • 488593
710 -Hasło dodatkowe - nazwa ciała zbiorowego [2, ]
    • a
    • Nazwa ciała zbiorowego lub nazwa geograficzna jako pierwszy element (NP)
    • Uniwersytet Jagielloński.
    • b
    • Nazwa jednostki podrzędnej (P)
    • Wydawnictwo.
    • e
    • Rodzaj współpracy
    • Wydawca
    • 4
    • Kod relacji
    • pbl
    • 9
    • KHW
    • 52643
920 -ISBN [ , ]
    • a
    • ISBN
    • 978-83-233-4567-1 Find
920 -ISBN [ , ]
    • a
    • ISBN
    • 978-83-233-9925-4 Find
    • q
    • Dopowiedzenie
    • e-book
Lokalizacja Data inwentaryzacji Status udost. Numer inwentarzowy
BG2019-04-161Z.123572
BM2020-06-301P.28156